000 00644pam a2200181 a 4500
020 _a0521277736 (pbk.)
040 _cDLC
082 0 0 _a428 CAM 1984 A023 Or.
100 1 _aRinvolucri, Mario.
245 1 0 _aGrammar games :
_bcognitive, affective, and drama activities for EFL students /
260 _aCambridge [Cambridgeshire] ;
_aNew York :
_bCambridge University Press,
_c1984.
300 _avi, 138 p. :
_bill. ;
_c25 cm.
650 0 _aEnglish language
650 0 _aEducational games.
856 4 2 _uhttp://www.loc.gov/catdir/description/cam022/84007738.html
856 4 1 _uhttp://www.loc.gov/catdir/toc/cam025/84007738.html
942 _cEK
999 _c13323
_d13323